Countries by Letter #2 - Statistics

General Stats
  • This quiz has been taken 92 times
  • The average score is 19 of 21
Answer Stats
Letter Clue Country % Correct
E Pharos once ruled here Egypt
99%
F Saunas were invented here Finland
97%
I Includes islands such as Java and Bali Indonesia
97%
B Landlocked South American country Bolivia
96%
H Central American country Honduras
96%
N Supreme leader is Kim Jong-un North Korea
96%
U England, Scotland, Wales, Northern Ireland United Kingdom
96%
V It's capital is Hanoi Vietnam
96%
P Where the Incan Empire once stood Peru
94%
K Middle Eastern country Kuwait
93%
S Running of the Bulls Spain
93%
T 3% of this country is in Europe Turkey
93%
C Island in the Mediterranean Cyprus
91%
J Most eastern Asian country Japan
91%
M Cities include Casablanca and Marrakech Morocco
91%
G English speaking South American country Guyana
90%
R Transylvania is one of its regions Romania
90%
A First country alphabetically Afghanistan
88%
D On the island of Hispaniola Dominican Republic
88%
Z Last country alphabetically Zimbabwe
88%
L Landlocked by South Africa Lesotho
84%
No matching quizzes found
Score Distribution
Percent of People with Each Score
Percentile by Number Answered
Your Score History
You have not taken this quiz